000 00777aas a2200229 4500
999 _c1695
_d1695
003 BR-BrBNA
005 20230317233258.0
007 ta
008 230119b bl ||||| |||| 00| 0 por d
035 _a000485-5
040 _aBR-BrBNA
_bPor
_cBR-BrBNA
042 _a004415-6
044 _abl
245 _aAnimais e Veterinária (Brazil)
260 _aRio de Janeiro-RJ
_bConsultoria Técnica de Artes Gráficas - Animais e Veterinária Editora Ltda.
_c1976. Data final de publicação em 1983
_eBRJ
270 _aCaixa Postal 55074 - 22702-000 - Rio de Janeiro - RJ
310 _amensal
505 _a1976 3-5(13-40); 1979 6(41-42,43,44); 1980 6-7(45-49); 1981 8(50-52,53 ); 1982-84 8-10(54-61);
650 1 2 _gMEDICINA VETERINARIA
909 _a56
_bSergio Santos
_c56
_dSergio Santos
942 _cCR
_2AGRIS